| 000 | nmm a22 7a 4500 | ||
|---|---|---|---|
| 999 |
_c64270 _d64270 |
||
| 008 | 190613s2018 ua a||fqm d|| 00| enggdd | ||
| 040 |
_aEAL _cEAL |
||
| 041 |
_aeng _bara |
||
| 090 | _aCD-4485 | ||
| 100 | 1 |
_aMohammed, Zeinab Saad Abd El Razek _927769 |
|
| 245 | 1 | 0 |
_aBacteriological studies on some bacteria causing omphalitis in baby chicks _h[electronic resource] _cZeinab Saad Abd El Razek Mohammed |
| 246 | 1 | 5 | _aدراسات بكتريولوجية على بعض البكتيريا المسببة لالتهاب السرةفى الكتاكيت الصغيرة |
| 260 | _c2018. | ||
| 347 |
_a text file _b PDF |
||
| 502 | _aThesis (M.S.) -- Cairo University, 2018. | ||
| 504 | _aIncludes bibliographical references (Leaves 113-139) | ||
| 538 | _aSystems requirements : Adobe Reader | ||
| 546 | _aSummary in Arabic | ||
| 650 | 0 |
_aChicks _xMicrobiology _927770 |
|
| 650 | 0 |
_aChicks _xDiseases _927771 |
|
| 856 | 4 | 0 |
_uhttp://nile.enal.sci.eg/thesis/4485.pdf _zContent & Abstract |
| 910 | _aname: | ||
| 942 |
_2alc _cE-Thesis |
||